| 000 -LEADER |
| fixed length control field |
00650nam a22001937a 4500 |
| 003 - CONTROL NUMBER IDENTIFIER |
| control field |
OSt |
| 005 - DATE AND TIME OF LATEST TRANSACTION |
| control field |
20181019061146.0 |
| 008 - FIXED-LENGTH DATA ELEMENTS--GENERAL INFORMATION |
| fixed length control field |
180316b xxu||||| |||| 00| 0 spa d |
| 020 ## - INTERNATIONAL STANDARD BOOK NUMBER |
| International Standard Book Number |
9501405389 |
| 040 ## - CATALOGING SOURCE |
| Transcribing agency |
PJ |
| 100 ## - ASIENTO PRINCIPAL - NOMBRE DE PERSONA |
| 9 (RLIN) |
2546 |
| Personal name |
Bertolino, Pedro J. |
| 245 13 - MENCIÓN DE TÍTULO |
| Título propiamente dicho |
La verdad jurídica objetiva / |
| Mención de responsabilidad, etc |
Pedro J. Bertolino; prólogo del Dr. Lino Enrique Palacio. |
| 260 ## - PUBLICATION, DISTRIBUTION, ETC. (IMPRINT) |
| Place of publication, distribution, etc |
Buenos Aires : |
| Name of publisher, distributor, etc |
Depalma, |
| Date of publication, distribution, etc |
1990. |
| 300 ## - DESCRIPCION FISICA |
| Extent |
130 p. |
| Dimensions |
23 cm. |
| 500 ## - NOTA GENERAL |
| General note |
Citas y notas bibliográficas al pie de algunas páginas. |
| 650 ## - ASIENTO SECUNDARIO DE MATERIA - TERMINO TEMATICO |
| Topical term or geographic name as entry element |
FILOSOFIA DEL DERECHO |
| 9 (RLIN) |
177 |
| 700 ## - ADDED ENTRY--PERSONAL NAME |
| 9 (RLIN) |
2105 |
| Personal name |
Palacio, Lino Enrique |
| Relator term |
prologuista |
| 942 ## - ADDED ENTRY ELEMENTS (KOHA) |
| Source of classification or shelving scheme |
|
| Koha item type |
Libros |
| Classification part |
340.12 |
| Item part |
BER |